Objets de tous les jours par images - Statistiques

Statistiques générales
  • Ce quiz a été pris 2 348 fois
    2 347 depuis la dernière actualisation
  • Le résultat moyen est 12 sur 15
Statistiques - réponses
Par images Réponse % Correct
Maison
100%
Voiture
100%
Téléphone
98%
Livre
97%
Lit
91%
Porte
90%
Ordinateur
89%
Télévision
85%
Table
84%
Couteau
82%
Lampe
73%
Fleur
72%
Bonbon
63%
Crayon
54%
Feuille
46%
Aucun quiz correspondant
Distribution des résultats
% des personnes avec chaque résultat
Percentile par nombre de réponses
Votre historique - résultats
Vous n’avez pas pris ce quiz depuis la dernière actualisation